00395nam a2200145Ia 450000500170000000800410001708200130005810000210007124500450009226000380013730000130017565000190018865000210020765000210022820250304065145.0240331s9999 xx 000 0 und d bSANa954 aSanmugathasan, N 2aA marxist looks at the history of Ceylon aColombobSarasavi Printersc1972 a102 p ., aAncient Ceylon aNeo- Colonialism aBandaranaike Era